00637nam a2200241Ia 450000500170000000800460001702000180006303700100008104000080009104000080009904000080010704100080011504100080012308400080013110000260013924500230016526000230018826000090021185600530022094200100027399900210028395200910030420260121153837.0008 260114s9999 xx 000 0 eng d a9781315252452 aEBOOK aCRL beng cCRL 2eng aeng qCRL aDuncan McLeod9999835 0aIndia and Pakistan bTaylor and Francis c2008 uhttp://www.taylorfrancis.com/books/9781315252452 cEBOOK c1566656d1566656 00104070aCRLbCRLd2026-01-21l0pCL1716491r2026-01-21 15:38:37w2026-01-21yEBOOK